| 000 | 01176nam a2200337Ia 4500 | ||
|---|---|---|---|
| 001 | dia_6109 | ||
| 003 | CHAP | ||
| 005 | 20260414125856.0 | ||
| 008 | 220117s2011 xx 000 0 und d | ||
| 010 | _a177307 | ||
| 020 | _a978-607-7699-10-1 | ||
| 040 | _cCHAP | ||
| 082 | _a630.92204 C54 2011 | ||
| 245 |
_aLas ciencias agrícolas mexicanas y sus protagonistas / _c edición Eduardo Casas y Grogorio Martínez |
||
| 250 | _a2a ed. | ||
| 260 |
_aMéxico : _b Mundi-Prensa :, _b Colegio de Postgraduados, _c2011 |
||
| 300 | _av. | ||
| 500 | _aLa biblioteca cuenta con v.1 | ||
| 503 | _aD. | ||
| 590 | _aS415 C54 2011 | ||
| 650 |
_aAgronomists _xBiography _xMexico _x20th century _9160840 |
||
| 650 |
_aAgronomists _xPersonal narratives _xMexico _x20th century _9160841 |
||
| 650 |
_aAgrónomos _xBiografía _xMéxico _xSiglo XX _9160842 |
||
| 650 |
_aAgrónomos _xRelatos personales _xMéxico _xSiglo XX _9160843 |
||
| 700 | 1 |
_aCasas Díaz, Eduardo _eeditor _9145607 |
|
| 700 |
_aMartínez, Gregorio, ed. _9160844 |
||
| 901 | _a630.92204 C54 2011 | ||
| 902 | _aM | ||
| 905 | _a5232272011 mx d 8222123322spa16 | ||
| 942 |
_cLIBRO _2ddc |
||
| 999 |
_c177307 _d177307 |
||